The crossing of SUEZ the October war 1973 (Record no. 185402)
[ view plain ]
| 000 -LEADER | |
|---|---|
| fixed length control field | 00793 a2200205 4500 |
| 003 - CONTROL NUMBER IDENTIFIER | |
| control field | Nust |
| 005 - DATE AND TIME OF LATEST TRANSACTION | |
| control field | 20170207153411.0 |
| 020 ## - INTERNATIONAL STANDARD BOOK NUMBER | |
| International Standard Book Number | 0864990056 |
| 040 ## - CATALOGING SOURCE | |
| Transcribing agency | Nust |
| 082 ## - DEWEY DECIMAL CLASSIFICATION NUMBER | |
| Classification number | 355.02 |
| 100 ## - MAIN ENTRY--PERSONAL NAME | |
| Personal name | Saad El-Shazly |
| 245 ## - TITLE STATEMENT | |
| Title | The crossing of SUEZ the October war 1973 |
| Statement of responsibility, etc. | General Saad El-Shazly |
| 250 ## - EDITION STATEMENT | |
| Edition statement | 1st ed |
| 260 ## - PUBLICATION, DISTRIBUTION, ETC. | |
| Place of publication, distribution, etc. | Third world center for research and publishing |
| Name of publisher, distributor, etc. | London |
| Date of publication, distribution, etc. | 1980 |
| 300 ## - PHYSICAL DESCRIPTION | |
| Extent | 231, p; |
| Other physical details | illus |
| Dimensions | 18 cm |
| 505 ## - FORMATTED CONTENTS NOTE | |
| Formatted contents note | The Barrier (Page-13) Serving (page-15) Planning (page-18) Rebuilding (Page-33) Political Diary (Page-64) The Lull Before the Storm (Page-136) War (Page-149) Helping Hands (Page-184) Aftermath (APge-190) scapegoats (Page-197) |
| 538 ## - SYSTEM DETAILS NOTE | |
| System details note | Almirah No.52, Shelf No.6 |
| 600 ## - SUBJECT ADDED ENTRY--PERSONAL NAME | |
| Personal name | Saad El-Shazly |
| 650 ## - SUBJECT ADDED ENTRY--TOPICAL TERM | |
| Topical term or geographic name entry element | The crossing of SUEZ the October war 1973 |
| 942 ## - ADDED ENTRY ELEMENTS (KOHA) | |
| Source of classification or shelving scheme | |
| Koha item type | Book |
| Withdrawn status | Lost status | Source of classification or shelving scheme | Damaged status | Not for loan | Collection code | Permanent Location | Current Location | Date acquired | Total Checkouts | Full call number | Barcode | Date last seen | Price effective from | Koha item type |
|---|---|---|---|---|---|---|---|---|---|---|---|---|---|---|
| Military College of Signals (MCS) | Military College of Signals (MCS) | 12/12/2016 | 355.02 ELS | MCS21747 | 12/08/2016 | 12/12/2016 | Book | |||||||
| Military College of Signals (MCS) | Military College of Signals (MCS) | 12/12/2016 | 355.02 ELS | MCS21777 | 12/08/2016 | 12/12/2016 | Book |
